National animals - Statistics

General Stats
  • This quiz has been taken 21 times
  • The average score is 9 of 30
Answer Stats
Country ANIMAL % Correct
Australia Red kangaroo
81%
Bangladesh Bengal tiger
69%
Finland Brown bear
69%
Wales Y Ddraig Goch / Dragon
69%
Thailand Asian elephant
63%
Canada North American beaver
50%
Italy Italian wolf
44%
Botswana Plains zebra
44%
USA American bison
38%
Scotland Unicorn
38%
Guyana Jaguar
31%
South Africa Springbok
31%
Saudi Arabia Dromedary camel
25%
Algeria Fennec fox
25%
Tanzania Giraffe
25%
Honduras White-tailed deer
25%
Sweden Eurasian elk
19%
Indonesia Komodo dragon
19%
Romania Lynx
19%
Sierra Leone Western chimpanzee
19%
Jordan Arabian oryx
13%
Belize Baird's tapir
6%
Pakistan Markhor
6%
Croatia Pine marten
6%
Denmark Red squirrel
6%
Lebanon Striped hyena
6%
Peru Vicuña
6%
North Korea Chollima / Qianlima
0%
Slovenia Olm / Proteus
0%
Nepal Zebu
0%
No matching quizzes found
Score Distribution
Percent of People with Each Score
Percentile by Number Answered
Your Score History
You have not taken this quiz